[Event "SUI-chT"]
[Site "Switzerland"]
[Date "2013.04.28"]
[Round "2.4"]
[White "Studer, Noel"]
[Black "Marciano, David"]
[Result "0-1"]
[WhiteElo "2332"]
[BlackElo "2506"]
[PlyCount "76"]
[EventDate "2013.03.17"]
[EventType "team-tourn"]
[EventRounds "9"]
[EventCountry "SUI"]
[SourceTitle "EXT 2014"]
[Source "ChessBase"]
[SourceDate "2013.11.20"]
[SourceVersion "1"]
[SourceVersionDate "2013.11.20"]
[SourceQuality "1"]
[WhiteTeam "Bern Schwarz Weiss"]
[BlackTeam "Reti"]
[WhiteTeamCountry "SUI"]
[BlackTeamCountry "SUI"]

1. e4 e5 2. Nf3 Nc6 3. Bb5 Nf6 4. 0-0 Nxe4 5. d4 Nd6 6. Bxc6 dxc6 7. dxe5 Nf5 8. Qxd8+ Kxd8 9. Nc3 Ke8 10. h3 h5 11. Re1 Bb4 12. Bg5 Be6 13. Re4 Bxc3 14. bxc3 c5 15. Rd1 Ne7 16. g4 hxg4 17. hxg4 Bd5 18. Rf4 Bc6 19. Nh2 b5 20. Re1 Bd5 21. a3 a5 22. Rd1 c6 23. a4 Ng6 24. Rf5 Be4 25. e6 Bxf5 26. gxf5 Nf8 27. exf7+ Kxf7 28. Ng4 bxa4 29. Be3 Rh5 30. Ne5+ Kf6 31. Nxc6 Rxf5 32. f4 Ng6 33. Rd6+ Kf7 34. Nd8+ Kg8 35. Nb7 Nxf4 36. Nxc5 a3 37. c4 a2 38. Rd1 Re8 0-1

[Event "SUI-chT"]
[Site "Switzerland"]
[Date "2013.03.17"]
[Round "1.3"]
[White "Marciano, David"]
[Black "Vezzosi, Paolo"]
[Result "1-0"]
[WhiteElo "2505"]
[BlackElo "2290"]
[PlyCount "51"]
[EventDate "2013.03.17"]
[EventType "team-tourn"]
[EventRounds "9"]
[EventCountry "SUI"]
[SourceTitle "CBM 153 Extra"]
[Source "ChessBase"]
[SourceDate "2013.04.22"]
[SourceVersion "1"]
[SourceVersionDate "2013.04.22"]
[SourceQuality "1"]
[WhiteTeam "Reti"]
[BlackTeam "Mendrisio"]
[WhiteTeamCountry "SUI"]
[BlackTeamCountry "SUI"]

1. e4 e5 2. Nf3 Nc6 3. Nc3 Bc5 4. Nxe5 Nxe5 5. d4 Bd6 6. dxe5 Bxe5 7. Bd3 Ne7 8. 0-0 0-0 9. f4 Bxc3 10. bxc3 f5 11. e5 d5 12. exd6 cxd6 13. Re1 Ng6 14. Bc4+ Kh8 15. Qd4 b6 16. Bd5 Rb8 17. c4 Qc7 18. Ba3 Ba6 19. Re6 Rbd8 20. Rxg6 hxg6 21. Qf2 g5 22. fxg5 Kh7 23. Re1 Bc8 24. g6+ Kxg6 25. Qg3+ Kh7 26. Qh4+ 1-0

[Event "SUI-chT"]
[Site "Switzerland"]
[Date "2012.10.20"]
[Round "8.3"]
[White "Pelletier, Yannick"]
[Black "Marciano, David"]
[Result "1-0"]
[WhiteElo "2585"]
[BlackElo "2508"]
[PlyCount "65"]
[EventDate "2012.03.18"]
[EventType "team-tourn"]
[EventRounds "9"]
[EventCountry "SUI"]
[SourceTitle "EXT 2013"]
[Source "ChessBase"]
[SourceDate "2012.11.22"]
[SourceVersion "1"]
[SourceVersionDate "2012.11.22"]
[SourceQuality "1"]
[WhiteTeam "Zuerich"]
[BlackTeam "Reti"]
[WhiteTeamCountry "SUI"]
[BlackTeamCountry "SUI"]

1. Nf3 d5 2. g3 c6 3. Bg2 Bg4 4. c4 e6 5. 0-0 Nd7 6. cxd5 exd5 7. d3 Bd6 8. Nc3 Ngf6 9. h3 Bh5 10. Qc2 0-0 11. e3 Nc5 12. Ne2 Bg6 13. Rd1 h6 14. b4 Ne6 15. Bd2 Qe7 16. a3 Rfc8 17. Bc3 Nd7 18. e4 dxe4 19. dxe4 Nef8 20. Nh4 Rd8 21. Nxg6 Nxg6 22. Nd4 Be5 23. Nf5 Qe6 24. Bxe5 Ndxe5 25. f4 Rxd1+ 26. Rxd1 Nd7 27. Nd6 Qe7 28. Nxb7 Nf6 29. Nd6 Rd8 30. e5 Nh5 31. Nf5 Rxd1+ 32. Qxd1 Qe6 33. Qxh5 1-0

[Event "SUI-chT"]
[Site "Switzerland"]
[Date "2011.10.22"]
[Round "8.1"]
[White "Bauer, Christian"]
[Black "Marciano, David"]
[Result "1-0"]
[WhiteElo "2645"]
[BlackElo "2514"]
[PlyCount "65"]
[EventDate "2011.02.27"]
[EventType "team-tourn"]
[EventRounds "9"]
[EventCountry "SUI"]
[SourceTitle "EXT 2012"]
[Source "ChessBase"]
[SourceDate "2011.11.24"]
[SourceVersion "1"]
[SourceVersionDate "2011.11.24"]
[SourceQuality "1"]
[WhiteTeam "Zuerich"]
[BlackTeam "Geneve"]
[WhiteTeamCountry "SUI"]
[BlackTeamCountry "SUI"]

1. e4 e5 2. Nf3 Nc6 3. Bb5 Nf6 4. d3 Bc5 5. c3 0-0 6. 0-0 Re8 7. Re1 a6 8. Ba4 b5 9. Bb3 d6 10. a4 Bb7 11. Nbd2 h6 12. Nf1 Ne7 13. Ng3 Ng6 14. axb5 axb5 15. Rxa8 Bxa8 16. Ba2 Qd7 17. h3 Bb6 18. Nh2 d5 19. Nh5 Nxh5 20. Qxh5 Nf4 21. Bxf4 exf4 22. Nf3 c6 23. d4 Qa7 24. Bb1 c5 25. e5 Bc6 26. Qf5 cxd4 27. cxd4 Bxd4 28. Nxd4 Qxd4 29. Qh7+ Kf8 30. Qh8+ Ke7 31. Qxg7 Qd2 32. Qf6+ Kf8 33. Qxh6+ 1-0

[Event "SUI-chT"]
[Site "Switzerland"]
[Date "2011.04.17"]
[Round "3.3"]
[White "Marciano, David"]
[Black "Schiendorfer, Emanuel"]
[Result "1/2-1/2"]
[WhiteElo "2514"]
[BlackElo "2333"]
[PlyCount "61"]
[EventDate "2011.02.27"]
[EventType "team-tourn"]
[EventRounds "9"]
[EventCountry "SUI"]
[SourceTitle "CBM 141 Extra"]
[Source "ChessBase"]
[SourceDate "2011.05.03"]
[SourceVersion "1"]
[SourceVersionDate "2011.05.03"]
[SourceQuality "1"]
[WhiteTeam "Geneve"]
[BlackTeam "Winterthur"]
[WhiteTeamCountry "SUI"]
[BlackTeamCountry "SUI"]

1. e4 c5 2. Nf3 d6 3. Bb5+ Bd7 4. Bxd7+ Nxd7 5. 0-0 Ngf6 6. Qe2 e6 7. b3 Be7 8. Bb2 0-0 9. c4 a6 10. d4 cxd4 11. Nxd4 Qc7 12. Nc3 Ne5 13. f4 Nc6 14. Nxc6 bxc6 15. e5 dxe5 16. fxe5 Nd7 17. Rae1 Bc5+ 18. Kh1 Bd4 19. Na4 Bxb2 20. Nxb2 Rfd8 21. Qf2 Nf8 22. c5 Rd5 23. Na4 Ra7 24. b4 Ng6 25. Qb2 Qd8 26. Nb6 Rd2 27. Qc1 h6 28. Rd1 Rxd1 29. Rxd1 Qh4 30. Qc3 Qf4 31. Re1 1/2-1/2

[Event "FRA-chT Top 16 GpB"]
[Site "Cannes"]
[Date "2005.04.02"]
[Round "6.2"]
[White "Wirig, Anthony"]
[Black "Marciano, David"]
[Result "1/2-1/2"]
[WhiteElo "2396"]
[BlackElo "2522"]
[PlyCount "20"]
[EventDate "2005.03.31"]
[EventType "team-tourn"]
[EventRounds "7"]
[EventCountry "FRA"]
[SourceTitle "CBM 105 Extra"]
[Source "ChessBase"]
[SourceDate "2005.05.01"]
[SourceVersion "1"]
[SourceVersionDate "2005.05.01"]
[SourceQuality "1"]
[WhiteTeam "Vandoeuvre"]
[BlackTeam "Monaco"]
[WhiteTeamCountry "FRA"]
[BlackTeamCountry "MNC"]

1. Nf3 d5 2. c4 e6 3. e3 Nf6 4. b3 Bd6 5. Bb2 0-0 6. Be2 b6 7. Nc3 Bb7 8. 0-0 c5 9. cxd5 Nxd5 10. d4 Nxc3 1/2-1/2

[Event "FRA-chT Top 16 GpB"]
[Site "Cannes"]
[Date "2005.04.01"]
[Round "5.2"]
[White "Marciano, David"]
[Black "Moldovan, Daniel"]
[Result "1/2-1/2"]
[WhiteElo "2522"]
[BlackElo "2411"]
[PlyCount "29"]
[EventDate "2005.03.31"]
[EventType "team-tourn"]
[EventRounds "7"]
[EventCountry "FRA"]
[SourceTitle "CBM 105 Extra"]
[Source "ChessBase"]
[SourceDate "2005.05.01"]
[SourceVersion "1"]
[SourceVersionDate "2005.05.01"]
[SourceQuality "1"]
[WhiteTeam "Monaco"]
[BlackTeam "Sautron"]
[WhiteTeamCountry "MNC"]
[BlackTeamCountry "FRA"]

1. e4 d5 2. exd5 Qxd5 3. Nc3 Qd6 4. d4 c6 5. Bc4 Nf6 6. Nf3 Bg4 7. Be3 e6 8. h3 Bxf3 9. Qxf3 Nbd7 10. 0-0 Qc7 11. Rad1 Bd6 12. Ne4 Nxe4 13. Qxe4 0-0 14. Bd3 g6 15. c3 1/2-1/2

[Event "BL2-West 0405"]
[Site "Germany"]
[Date "2004.11.14"]
[Round "2.4"]
[White "Seel, Christian"]
[Black "Marciano, David"]
[Result "1-0"]
[WhiteElo "2491"]
[BlackElo "2512"]
[PlyCount "81"]
[EventDate "2004.10.13"]
[EventType "team-tourn"]
[EventRounds "9"]
[EventCountry "GER"]
[SourceTitle "EXT 2006"]
[Source "ChessBase"]
[SourceDate "2005.11.24"]
[SourceVersion "1"]
[SourceVersionDate "2005.11.24"]
[SourceQuality "1"]
[WhiteTeam "Godesberg"]
[BlackTeam "Remagen"]
[WhiteTeamCountry "GER"]
[BlackTeamCountry "GER"]

1. Nf3 d5 2. d4 Nf6 3. c4 e6 4. Nc3 Bb4 5. Bg5 Nbd7 6. e3 c5 7. cxd5 exd5 8. Qc2 Qa5 9. Bd3 c4 10. Bf5 0-0 11. 0-0 Re8 12. Nd2 g6 13. Bh3 Bf8 14. a3 h6 15. b4 cxb3 16. Nxb3 Qc7 17. Bxd7 Nxd7 18. Bf4 Qc4 19. Nd2 Qc6 20. Rfc1 Nb6 21. Qb2 Bd7 22. Nce4 Nc4 23. Nxc4 dxe4 24. Nd6 Qb6 25. Qxb6 axb6 26. Nxe8 Bxe8 27. a4 Bxa4 28. Rc7 b5 29. Rxb7 b4 30. g4 Ra6 31. Rb8 g5 32. Be5 f6 33. Bxf6 Kf7 34. Be5 Be7 35. d5 Ra5 36. Bc7 Ra7 37. d6 Bf6 38. Ra2 b3 39. Rxb3 Rxc7 40. dxc7 Bxb3 41. Ra7 1-0

[Event "EU-Cup 20th"]
[Site "Izmir"]
[Date "2004.10.09"]
[Round "7.5"]
[White "Marciano, David"]
[Black "Jacimovic, Dragoljub"]
[Result "1-0"]
[WhiteElo "2512"]
[BlackElo "2445"]
[PlyCount "77"]
[EventDate "2004.10.03"]
[EventType "team-swiss"]
[EventRounds "7"]
[EventCountry "TUR"]
[SourceTitle "CBM 104"]
[Source "ChessBase"]
[SourceDate "2005.01.27"]
[SourceVersion "1"]
[SourceVersionDate "2005.01.27"]
[SourceQuality "1"]
[WhiteTeam "Monaco"]
[BlackTeam "Skopje"]
[WhiteTeamCountry "MNC"]
[BlackTeamCountry "MKD"]

1. e4 e6 2. d4 d5 3. Nd2 Nc6 4. Ngf3 Nf6 5. e5 Nd7 6. Bd3 Nb4 7. Be2 c5 8. c3 Nc6 9. 0-0 Be7 10. Re1 0-0 11. Bd3 cxd4 12. cxd4 f6 13. exf6 Nxf6 14. b3 Qb6 15. Bb2 Bd6 16. h3 Bd7 17. Rc1 Rae8 18. Bb1 Re7 19. Ne5 Bxe5 20. dxe5 Ng4 21. Qxg4 Qxf2+ 22. Kh2 Qxd2 23. Ba3 Rf4 24. Red1 Qxc1 25. Bxh7+ Kh8 26. Rxc1 Rxg4 27. hxg4 Re8 28. Bg6 Rc8 29. Kg3 Nxe5 30. Rh1+ Kg8 31. Bh7+ Kh8 32. Bb2 Nf7 33. Kf4 Rf8 34. Ba3 Re8 35. Kg3 Bc6 36. Bg6+ Kg8 37. Bh7+ Kh8 38. Bg6+ Kg8 39. Rf1 1-0

[Event "EU-Cup 20th"]
[Site "Izmir"]
[Date "2004.10.06"]
[Round "4.5"]
[White "Marciano, David"]
[Black "Sanikidze, Tornike"]
[Result "1-0"]
[WhiteElo "2512"]
[BlackElo "2364"]
[PlyCount "79"]
[EventDate "2004.10.03"]
[EventType "team-swiss"]
[EventRounds "7"]
[EventCountry "TUR"]
[SourceTitle "CBM 104"]
[Source "ChessBase"]
[SourceDate "2005.01.27"]
[SourceVersion "1"]
[SourceVersionDate "2005.01.27"]
[SourceQuality "1"]
[WhiteTeam "Monaco"]
[BlackTeam "Tbilisi NTN"]
[WhiteTeamCountry "MNC"]
[BlackTeamCountry "GEO"]

1. e4 e5 2. Nf3 Nc6 3. Bc4 Nf6 4. d3 Be7 5. 0-0 0-0 6. Re1 d6 7. a4 h6 8. a5 a6 9. c3 Nh7 10. Be3 Kh8 11. Qb3 Ng5 12. Nbd2 Rb8 13. d4 f5 14. exf5 Nxf3+ 15. Nxf3 e4 16. Nd2 Bxf5 17. Bd5 Nxa5 18. Rxa5 c6 19. Raa1 cxd5 20. Qxd5 Qb6 21. b4 Qb5 22. Qb3 Rbc8 23. c4 Qd7 24. Reb1 b5 25. Rxa6 bxc4 26. Nxc4 Qb7 27. b5 Be6 28. Nxd6 Bxb3 29. Nxb7 Bc4 30. Nc5 Rfd8 31. h3 Bf6 32. Nb7 Rd7 33. Nd6 Bd3 34. Nxc8 Bxb1 35. b6 Bd3 36. Ra7 Rd5 37. b7 Rb5 38. Ra8 Rb1+ 39. Kh2 Bd8 40. Nd6 1-0

[Event "FRA-chT Gp-B"]
[Site "France"]
[Date "2004.04.04"]
[Round "7"]
[White "Legky, Nikolay A"]
[Black "Marciano, David"]
[Result "1/2-1/2"]
[WhiteElo "2460"]
[BlackElo "2514"]
[PlyCount "34"]
[EventDate "2004.01.30"]
[EventType "team"]
[EventRounds "7"]
[EventCountry "FRA"]
[SourceTitle "EXT 2005"]
[Source "ChessBase"]
[SourceDate "2004.11.15"]
[SourceVersion "1"]
[SourceVersionDate "2004.11.15"]
[SourceQuality "1"]
[WhiteTeam "Drancy"]
[BlackTeam "Monaco"]
[WhiteTeamCountry "FRA"]
[BlackTeamCountry "FRA"]

1. d4 d5 2. c4 e6 3. Nc3 Be7 4. Nf3 Nf6 5. Bg5 0-0 6. e3 h6 7. Bxf6 Bxf6 8. Rc1 c6 9. Bd3 dxc4 10. Bxc4 Nd7 11. 0-0 e5 12. Ne4 exd4 13. Nxf6+ Nxf6 14. Qxd4 Bg4 15. Qxd8 Raxd8 16. Rfd1 Bxf3 17. gxf3 Rfe8 1/2-1/2

[Event "Tarbes op 11th"]
[Site "Tarbes"]
[Date "2003.04.21"]
[Round "9"]
[White "Barsov, Alexei"]
[Black "Marciano, David"]
[Result "1/2-1/2"]
[WhiteElo "2531"]
[BlackElo "2502"]
[PlyCount "21"]
[EventDate "2003.04.19"]
[EventType "swiss"]
[EventRounds "9"]
[EventCountry "FRA"]
[SourceTitle "EXT 2004"]
[Source "ChessBase"]
[SourceDate "2003.11.25"]
[SourceVersion "1"]
[SourceVersionDate "2003.11.25"]
[SourceQuality "1"]

1. d4 d5 2. c4 e6 3. Nc3 Be7 4. cxd5 exd5 5. Bf4 Nf6 6. e3 0-0 7. Bd3 c5 8. dxc5 Bxc5 9. Nf3 Nc6 10. 0-0 d4 11. Na4 1/2-1/2